[Event "Titled Tuesday intern op 02nd Apr Late"]
[Site "Chess.com INT"]
[Date "2024.04.02"]
[Round "10"]
[White "Mikaelyan, Arman"]
[Black "Durarbayli, Vasif"]
[Result "1/2-1/2"]
[WhiteElo "2513"]
[BlackElo "2627"]
[PlyCount "176"]
[EventDate "2024.04.02"]
[EventType "swiss (blitz)"]
[EventRounds "11"]
[EventCountry "USA"]
[SourceTitle "CB15_2024"]
[SourceDate "2024.04.10"]
[SourceVersion "1"]
[SourceVersionDate "2024.04.10"]
[SourceQuality "1"]

1. e3 e5 2. d4 exd4 3. exd4 d5 4. Bd3 Bd6 5. Nf3 Ne7 6. 0-0 Nbc6 7. Nc3 Nb4 8. Be2 Bf5 9. a3 Nbc6 10. Nb5 0-0 11. Bg5 f6 12. Bh4 Bf4 13. Bd3 Bg4 14. h3 Bh5 15. Bg3 Bxg3 16. fxg3 a6 17. g4 Bxg4 18. hxg4 axb5 19. Bxb5 Qd6 20. Qd2 Nd8 21. Rae1 c6 22. Bd3 Nf7 23. g5 f5 24. Ne5 Nxe5 25. Rxe5 Rf7 26. Rfe1 Raf8 27. Re6 Qd8 28. Be2 Qd7 29. Bh5 g6 30. Bf3 Nc8 31. Qb4 Qd8 32. Qd2 Nd6 33. Rf1 Ne4 34. Bxe4 fxe4 35. Rxf7 Rxf7 36. Qe3 Qd7 37. Rf6 Rxf6 38. gxf6 Qf5 39. Qg3 Qxf6 40. Qb8+ Kg7 41. Qxb7+ Kh6 42. Qb4 e3 43. Qe1 Qxd4 44. c3 Qf4 45. b4 g5 46. a4 g4 47. a5 g3 48. a6 Kg6 49. a7 Qh4 50. Qxe3 Qh2+ 51. Kf1 Qh1+ 52. Qg1 Qh5 53. Qe3 Qh1+ 54. Ke2 Qxg2+ 55. Kd3 Qf1+ 56. Kd4 g2 57. Qg3+ Kh6 58. a8Q g1Q+ 59. Qxg1 Qxg1+ 60. Ke5 Qe3+ 61. Kd6 Qxc3 62. Qf8+ Kg5 63. Qg8+ Kh6 64. Qf8+ Kg6 65. Qe8+ Kg5 66. Qg8+ Kf4 67. Qxh7 d4 68. Qf7+ Ke3 69. Qe8+ Kd2 70. Qxc6 d3 71. b5 Qf6+ 72. Kc7 Qe7+ 73. Kb8 Ke2 74. Qg2+ Kd1 75. Qf3+ Kc2 76. b6 d2 77. Qc6+ Kb2 78. Qb5+ Kc2 79. Qc4+ Kb2 80. Qd4+ Kc2 81. Qc4+ Kb1 82. Qb3+ Kc1 83. Qc3+ Kd1 84. b7 Ke2 85. Qc4+ Ke3 86. Qc3+ Ke2 87. Qc4+ Ke1 88. Qc3 Ke2 1/2-1/2

[Event "Titled Tuesday intern op 12th Mar Late"]
[Site "Chess.com INT"]
[Date "2024.03.12"]
[Round "9"]
[White "Mikaelyan, Arman"]
[Black "Bluebaum, Matthias"]
[Result "1-0"]
[WhiteElo "2508"]
[BlackElo "2655"]
[PlyCount "197"]
[EventDate "2024.03.12"]
[EventType "swiss (blitz)"]
[EventRounds "11"]
[EventCountry "USA"]
[SourceTitle "CB12_2024"]
[SourceDate "2023.10.01"]
[SourceVersion "1"]
[SourceVersionDate "2023.10.01"]
[SourceQuality "1"]

1. d4 d5 2. Nf3 e6 3. c4 Nf6 4. g3 Nc6 5. Bg2 Bd6 6. Nc3 0-0 7. b3 dxc4 8. bxc4 Bb4 9. Bb2 e5 10. d5 Na5 11. Nxe5 Qe7 12. f4 Ng4 13. Qd3 Nxe5 14. fxe5 Qxe5 15. 0-0 Bg4 16. a3 Bc5+ 17. Kh1 Qe3 18. Ne4 Bb6 19. c5 Bxc5 20. Nxc5 Qxc5 21. Bd4 Qc4 22. Qxc4 Nxc4 23. Rac1 b5 24. d6 Rad8 25. Bxa7 cxd6 26. a4 Nd2 27. Rf4 Bxe2 28. Rc2 bxa4 29. Rxd2 Bb5 30. Bd4 f6 31. Bd5+ Kh8 32. Kg2 Rc8 33. Rb2 Bc6 34. Bxc6 Rxc6 35. Bf2 Ra6 36. Ra2 Rfa8 37. Be1 Kg8 38. Bb4 Kf7 39. Ba3 Rc6 40. Rb4 Ra7 41. Rab2 g5 42. Rb7+ Rxb7 43. Rxb7+ Kg6 44. Ra7 Rc4 45. Bxd6 h5 46. h3 Kf5 47. Ra5+ Ke4 48. g4 Rc2+ 49. Kg1 Rc1+ 50. Kg2 Rc2+ 51. Kg1 h4 52. Rxa4+ Kd5 53. Be7 Rc1+ 54. Kg2 Rc2+ 55. Kg1 Rc1+ 56. Kf2 Rc2+ 57. Kf1 Rc1+ 58. Ke2 Rc2+ 59. Kd1 Rc3 60. Bxf6 Rxh3 61. Bxg5 Rh1+ 62. Ke2 h3 63. Kf3 Rg1 64. Bf4 Ke6 65. Ra5 Kf7 66. Rh5 Rf1+ 67. Kg3 Rg1+ 68. Kf3 Rf1+ 69. Kg3 Rg1+ 70. Kxh3 Kg6 71. Rh6+ Kg7 72. Ra6 Rf1 73. Be5+ Kh7 74. Kh4 Re1 75. Bf4 Rb1 76. Kh5 Rb5+ 77. g5 Kg7 78. Ra7+ Kg8 79. Kh6 Rf5 80. Be3 Rf3 81. Bd4 Rf4 82. Ra8+ Kf7 83. g6+ Ke6 84. g7 Rh4+ 85. Kg5 Rxd4 86. g8Q+ Ke5 87. Re8+ Kd6 88. Rd8+ Kc5 89. Rxd4 Kxd4 90. Qe8 Kc5 91. Kf5 Kc4 92. Ke5 Kc3 93. Qd7 Kc2 94. Ke4 Kc3 95. Qc6+ Kb4 96. Kd4 Ka5 97. Qb7 Ka4 98. Kc4 Ka3 99. Qb3# 1-0

[Event "Titled Tuesday intern op 13th Feb Late"]
[Site "Chess.com INT"]
[Date "2024.02.13"]
[Round "7"]
[White "Mikaelyan, Arman"]
[Black "Sargsyan, Anna M"]
[Result "1-0"]
[WhiteElo "2508"]
[BlackElo "2377"]
[PlyCount "31"]
[EventDate "2024.02.13"]
[EventType "swiss (blitz)"]
[EventRounds "11"]
[EventCountry "USA"]
[SourceTitle "CB08_2024"]
[SourceDate "2024.02.21"]
[SourceVersion "1"]
[SourceVersionDate "2024.02.21"]
[SourceQuality "1"]

1. d4 Nf6 2. c4 g6 3. Nc3 d5 4. Nf3 Bg7 5. cxd5 Nxd5 6. e4 Nxc3 7. bxc3 c5 8. Bb5+ Bd7 9. Rb1 0-0 10. 0-0 Qa5 11. Bxd7 Nxd7 12. Rxb7 Rfd8 13. Qb3 cxd4 14. cxd4 Rab8 15. Bd2 Qa6 16. Rxd7 1-0

[Event "Titled Tuesday intern op 23rd Jan Late"]
[Site "Chess.com INT"]
[Date "2024.01.23"]
[Round "4"]
[White "Suvorov, Alexander David"]
[Black "Mikaelyan, Arman"]
[Result "0-1"]
[WhiteElo "2334"]
[BlackElo "2519"]
[PlyCount "108"]
[EventDate "2024.01.23"]
[EventType "swiss (blitz)"]
[EventRounds "11"]
[EventCountry "USA"]
[SourceTitle "CB05_2024"]
[SourceDate "2024.01.31"]
[SourceVersion "1"]
[SourceVersionDate "2024.01.31"]
[SourceQuality "1"]

1. d4 Nf6 2. Bg5 Ne4 3. h4 c5 4. d5 Qb6 5. Nd2 Nxd2 6. Bxd2 Qxb2 7. Nf3 d6 8. e4 Qb6 9. Rb1 Qc7 10. h5 h6 11. Bc3 Nd7 12. Bc4 Nf6 13. e5 Ne4 14. Ba1 a6 15. Qe2 Bf5 16. g4 Bh7 17. Bd3 Ng5 18. Nxg5 Bxd3 19. Qxd3 hxg5 20. exd6 exd6 21. 0-0 0-0-0 22. Rb3 c4 23. Qf5+ Qd7 24. Rf3 Qxf5 25. Rxf5 f6 26. Re1 Kd7 27. a4 Be7 28. Rf3 Rhe8 29. Rb1 Rb8 30. a5 Bd8 31. Bc3 Re4 32. Rg3 Re2 33. Rb2 b5 34. Kf1 Re4 35. f3 Re3 36. Bb4 Bc7 37. c3 Rbe8 38. Kf2 Rd3 39. Re2 Rxe2+ 40. Kxe2 Rxd5 41. h6 gxh6 42. Rh3 Re5+ 43. Kf2 Bb8 44. Rxh6 Ba7+ 45. Kf1 Bc5 46. Rxf6 Bxb4 47. cxb4 c3 48. Rf7+ Re7 49. Rxe7+ Kxe7 50. Ke2 d5 51. Kd3 d4 52. Kc2 Ke6 53. Kd3 Ke5 54. Kc2 Kf4 0-1

[Event "Titled Tuesday intern op 16th Jan Early"]
[Site "Chess.com INT"]
[Date "2024.01.16"]
[Round "10"]
[White "Makarian, Rudik"]
[Black "Mikaelyan, Arman"]
[Result "1-0"]
[WhiteElo "2525"]
[BlackElo "2519"]
[PlyCount "65"]
[EventDate "2024.01.16"]
[EventType "swiss (blitz)"]
[EventRounds "11"]
[EventCountry "USA"]
[SourceTitle "CB04_2024"]
[SourceDate "2023.10.16"]
[SourceVersion "1"]
[SourceVersionDate "2023.10.16"]
[SourceQuality "1"]

1. d4 d5 2. c4 c6 3. Nf3 Nf6 4. Nc3 e6 5. Bg5 h6 6. Bxf6 Qxf6 7. a3 dxc4 8. e3 b5 9. Ne5 Nd7 10. Nxc6 a6 11. Be2 Bb7 12. Na5 Bxg2 13. Rg1 Qd8 14. Rxg2 Qxa5 15. Kf1 Bd6 16. Rxg7 Ke7 17. Bh5 Raf8 18. Ne4 Rhg8 19. Rxf7+ Rxf7 20. Bxf7 Kxf7 21. Qh5+ Ke7 22. Qh4+ Kf8 23. Qxh6+ Rg7 24. Nxd6 Qd2 25. Ne8 Qd3+ 26. Ke1 Kxe8 27. Qxg7 c3 28. Qg8+ Nf8 29. b4 Qd2+ 30. Kf1 c2 31. Kg2 Qd1 32. Rxd1 cxd1Q 33. Qg3 1-0

[Event "Titled Tuesday intern op 16th Jan Late"]
[Site "Chess.com INT"]
[Date "2024.01.16"]
[Round "4"]
[White "Mikaelyan, Arman"]
[Black "Dubnevych, Maksym"]
[Result "1-0"]
[WhiteElo "2519"]
[BlackElo "2340"]
[PlyCount "75"]
[EventDate "2024.01.16"]
[EventType "swiss (blitz)"]
[EventRounds "11"]
[EventCountry "USA"]
[SourceTitle "CB04_2024"]
[SourceDate "2023.10.16"]
[SourceVersion "1"]
[SourceVersionDate "2023.10.16"]
[SourceQuality "1"]

1. d4 Nf6 2. c4 e6 3. Nc3 Bb4 4. Qb3 Nc6 5. e3 0-0 6. Nf3 Re8 7. Bd2 b6 8. d5 Bxc3 9. Bxc3 Na5 10. Qd1 d6 11. b4 Nb7 12. Be2 a5 13. a3 axb4 14. axb4 Rxa1 15. Bxa1 b5 16. dxe6 Bxe6 17. cxb5 Nd5 18. 0-0 f6 19. Bc4 Nb6 20. Bxe6+ Rxe6 21. Nd4 Re8 22. Qf3 d5 23. Nc6 Qd6 24. Bd4 Nc4 25. Rd1 Re4 26. h3 Na3 27. Ra1 Nxb5 28. Ra8+ Kf7 29. Qh5+ g6 30. Qxh7+ Ke6 31. Re8+ Kf5 32. Ne7+ Rxe7 33. Rxe7 Nxd4 34. exd4 Qf4 35. g4+ Kg5 36. h4+ Kxg4 37. Qxg6+ Kf3 38. Qg2# 1-0

[Event "Titled Tuesday intern op 16th Jan Late"]
[Site "Chess.com INT"]
[Date "2024.01.16"]
[Round "7"]
[White "Mikaelyan, Arman"]
[Black "Martinez Alcantara, Jose Eduardo"]
[Result "0-1"]
[WhiteElo "2519"]
[BlackElo "2610"]
[PlyCount "132"]
[EventDate "2024.01.16"]
[EventType "swiss (blitz)"]
[EventRounds "11"]
[EventCountry "USA"]
[SourceTitle "CB04_2024"]
[SourceDate "2023.10.16"]
[SourceVersion "1"]
[SourceVersionDate "2023.10.16"]
[SourceQuality "1"]

1. d4 Nf6 2. c4 e6 3. Nc3 Bb4 4. Qc2 d6 5. a3 Bxc3+ 6. Qxc3 Nbd7 7. Nf3 b6 8. g3 Bb7 9. Bg2 0-0 10. 0-0 a5 11. b3 h6 12. Bb2 Qb8 13. Rac1 Be4 14. a4 c6 15. Rfd1 b5 16. Nd2 Bxg2 17. Kxg2 Qb7 18. Kg1 Rfb8 19. cxb5 cxb5 20. axb5 Qxb5 21. Qf3 d5 22. Ba3 a4 23. bxa4 Qxa4 24. Bd6 Rc8 25. Qd3 Rc6 26. Bf4 Rac8 27. Ra1 Qc2 28. Qxc2 Rxc2 29. Kf1 Nf8 30. h3 Ng6 31. Be3 Ne7 32. g4 Ne4 33. Nxe4 dxe4 34. Rac1 Nd5 35. Rxc2 Rxc2 36. Ra1 g5 37. Ke1 Kg7 38. Bd2 Rc8 39. e3 h5 40. Ke2 hxg4 41. hxg4 Rh8 42. Rg1 Kg6 43. Rg2 Rh1 44. f3 f5 45. fxe4 fxe4 46. Ba5 Ra1 47. Bd2 Rb1 48. Rg3 Rb2 49. Rh3 Nf6 50. Rg3 Ra2 51. Rg1 Nd5 52. Rg3 Nb6 53. Kd1 Nc4 54. Bc1 Rh2 55. Rg1 Rf2 56. Rg3 e5 57. dxe5 Nxe5 58. Ke1 Nd3+ 59. Kd1 Rf1+ 60. Kd2 Rxc1 61. Rh3 Rg1 62. Rh8 Rxg4 63. Rg8+ Kf7 64. Rd8 Ne5 65. Rd5 Ke6 66. Ra5 Nc4+ 0-1

[Event "Titled Tuesday intern op 16th Jan Late"]
[Site "Chess.com INT"]
[Date "2024.01.16"]
[Round "3"]
[White "Mikaelyan, Arman"]
[Black "Mickiewicz, Piotr"]
[Result "1/2-1/2"]
[WhiteElo "2519"]
[BlackElo "2239"]
[PlyCount "79"]
[EventDate "2024.01.16"]
[EventType "swiss (blitz)"]
[EventRounds "11"]
[EventCountry "USA"]
[SourceTitle "CB04_2024"]
[SourceDate "2023.10.16"]
[SourceVersion "1"]
[SourceVersionDate "2023.10.16"]
[SourceQuality "1"]

1. d4 Nf6 2. c4 e6 3. Nf3 d5 4. Nc3 dxc4 5. e3 a6 6. Bxc4 b5 7. Be2 Bb7 8. 0-0 Nbd7 9. b3 Bd6 10. Bb2 0-0 11. Rc1 c5 12. dxc5 Nxc5 13. b4 Nce4 14. Nxe4 Nxe4 15. Qd4 Qf6 16. Rfd1 Rfd8 17. Qxf6 gxf6 18. a3 Kf8 19. Nd4 Be7 20. f3 Nd6 21. Nc6 Bxc6 22. Rxc6 Nf5 23. Kf2 Rxd1 24. Bxd1 Rd8 25. Ke2 Nxe3 26. Kxe3 Rxd1 27. Rxa6 Re1+ 28. Kf2 Rb1 29. Bd4 Rb3 30. Ra7 h5 31. Kg3 Rd3 32. Bb6 f5 33. Kf2 Rd2+ 34. Kf1 h4 35. Be3 Ra2 36. h3 Ra1+ 37. Kf2 Ra2+ 38. Kf1 Ra1+ 39. Ke2 Ra2+ 40. Kf1 1/2-1/2

[Event "Titled Tuesday intern op 16th Jan Late"]
[Site "Chess.com INT"]
[Date "2024.01.16"]
[Round "1"]
[White "Mikaelyan, Arman"]
[Black "Rees, Ioan"]
[Result "1-0"]
[WhiteElo "2519"]
[BlackElo "2273"]
[PlyCount "81"]
[EventDate "2024.01.16"]
[EventType "swiss (blitz)"]
[EventRounds "11"]
[EventCountry "USA"]
[SourceTitle "CB04_2024"]
[SourceDate "2023.10.16"]
[SourceVersion "1"]
[SourceVersionDate "2023.10.16"]
[SourceQuality "1"]

1. d4 d5 2. Nf3 Nf6 3. c4 c6 4. e3 e6 5. Nc3 Nbd7 6. Qc2 Bd6 7. b3 0-0 8. Be2 Re8 9. 0-0 e5 10. dxe5 Nxe5 11. cxd5 cxd5 12. Bb2 a6 13. Rad1 Be6 14. Nd4 Rc8 15. Qb1 Ng6 16. Nxe6 fxe6 17. g3 Qe7 18. Bf3 Qf7 19. Bg2 Be5 20. Ne2 Bxb2 21. Qxb2 h5 22. h3 h4 23. g4 Rc7 24. Rc1 Rec8 25. Nd4 Ne5 26. Rxc7 Rxc7 27. Nb5 axb5 28. Qxe5 Rc2 29. Qb8+ Kh7 30. Qf4 Qg6 31. g5 Ne4 32. Qxh4+ Kg8 33. Bxe4 Qxe4 34. Qxe4 dxe4 35. Rd1 Rxa2 36. Rd4 Kh7 37. Rxe4 Kg6 38. Rxe6+ Kxg5 39. Re5+ Kh4 40. Kg2 g5 41. Rxb5 1-0

[Event "Titled Tuesday intern op 16th Jan Late"]
[Site "Chess.com INT"]
[Date "2024.01.16"]
[Round "6"]
[White "Vachier Lagrave, Maxime"]
[Black "Mikaelyan, Arman"]
[Result "1-0"]
[WhiteElo "2734"]
[BlackElo "2519"]
[PlyCount "85"]
[EventDate "2024.01.16"]
[EventType "swiss (blitz)"]
[EventRounds "11"]
[EventCountry "USA"]
[SourceTitle "CB04_2024"]
[SourceDate "2023.10.16"]
[SourceVersion "1"]
[SourceVersionDate "2023.10.16"]
[SourceQuality "1"]

1. e4 e5 2. Nf3 Nc6 3. Bc4 Nf6 4. d3 Bc5 5. c3 d6 6. 0-0 a6 7. a4 Ba7 8. Re1 0-0 9. Nbd2 Ne7 10. Nf1 Ng6 11. Ng3 c6 12. Bb3 d5 13. Bg5 Qb6 14. Bxf6 Qxf2+ 15. Kh1 Nf4 16. Re2 Nxe2 17. Bxe5 Nxg3+ 18. Bxg3 Qe3 19. exd5 Bf5 20. d4 Bb8 21. d6 Be6 22. Bc2 Bd5 23. Qf1 Qh6 24. Ne5 Bxd6 25. Re1 Bxe5 26. dxe5 Rad8 27. Qf2 Be6 28. Bf4 Qh5 29. h3 Bf5 30. Bb3 Be6 31. Bc2 Bf5 32. Bb3 Rd3 33. Kg1 Rfd8 34. Be3 Be6 35. Bc2 R3d7 36. Rf1 a5 37. Qg3 Bc4 38. Rf5 Qe2 39. Rf2 Qe1+ 40. Kh2 Bd3 41. Bb3 Bg6 42. e6 Re7 43. Bb6 1-0

[Event "Titled Tuesday intern op 12th Dec Early"]
[Site "Chess.com INT"]
[Date "2023.12.12"]
[Round "2"]
[White "Mikaelyan, Arman"]
[Black "Bettalli, Francesco"]
[Result "1/2-1/2"]
[WhiteElo "2519"]
[BlackElo "2260"]
[PlyCount "152"]
[EventDate "2023.12.12"]
[EventType "swiss (blitz)"]
[EventRounds "11"]
[EventCountry "USA"]
[SourceTitle "CB51_2023"]
[SourceDate "2023.12.20"]
[SourceVersion "1"]
[SourceVersionDate "2023.12.20"]
[SourceQuality "1"]

1. d4 Nf6 2. c4 c5 3. Nf3 cxd4 4. Nxd4 Nc6 5. Nc3 d6 6. e4 g6 7. Be2 Nxd4 8. Qxd4 Bg7 9. Be3 0-0 10. Qd2 a6 11. 0-0 Be6 12. f4 Qa5 13. Rac1 Rfc8 14. b3 Nd7 15. f5 gxf5 16. exf5 Bxf5 17. Nd5 Qxd2 18. Bxd2 Bd4+ 19. Kh1 Kf8 20. Rxf5 e6 21. Bh6+ Ke8 22. Rxf7 Kxf7 23. Bh5+ Kg8 24. Ne7+ Kh8 25. Nxc8 Rxc8 26. Bg4 Re8 27. Rd1 Be5 28. h3 Nc5 29. Be3 Ne4 30. Kg1 b5 31. cxb5 axb5 32. Bf3 Nc3 33. Rd2 d5 34. Bc5 Rc8 35. Bb4 Kg7 36. Bg4 Ne4 37. Rd1 Rc6 38. Bf3 Bc3 39. Bxe4 Bxb4 40. Bd3 Ra6 41. a4 Kf6 42. Bxb5 Ra7 43. Kf2 Ke5 44. Rc1 Kd4 45. Ke2 e5 46. Rd1+ Ke4 47. Bd3+ Kf4 48. Rf1+ Kg3 49. Rf5 e4 50. Bc2 Rc7 51. Kd1 e3 52. Rf3+ Kxg2 53. Rxe3 d4 54. Rd3 Re7 55. Kc1 Bc3 56. Bd1 Rc7 57. Kb1 Re7 58. b4 Bxb4 59. Rxd4 Rb7 60. Ka2 Bc3 61. Rd3 Rb2+ 62. Ka3 Be5 63. Re3 Bf6 64. Re2+ Rxe2 65. Bxe2 Kxh3 66. a5 Bd4 67. a6 Be3 68. Kb3 Ba7 69. Kc4 Kh4 70. Kd3 h5 71. Bxh5 Kxh5 72. Ke4 Kg6 73. Kd5 Kf7 74. Kc6 Bf2 75. Kb7 Bg1 76. a7 Bxa7 1/2-1/2